Flagi Polskich Miast - Statystyki

Ogólne statystyki
  • Ten quiz został rozwiązany 129 razy
  • Średni wynik to 6 z 14
Statystyki odpowiedzi
Obrazkowy Odpowiedź % Poprawnych
Warszawa
98%
Gdańsk
91%
Wrocław
83%
Szczecin
72%
Toruń
66%
Kielce
61%
Olsztyn
41%
Sopot
40%
Przemyśl
35%
Częstochowa
30%
Chełm
14%
Mikołów
3%
Międzychód
1%
Sierpc
0%
Nie znaleziono quizów pasujących do podanych kryteriów
Rozkład punktacji
Procent ludzi z każdym wynikiem
Percentyl według liczby udzielonych odpowiedzi
Twoja historia wyników
Nie rozwiązałeś tego quizu